| 000 | 00672cam a22002171 4500 | ||
|---|---|---|---|
| 001 | 2666628 | ||
| 005 | 20180813044525.0 | ||
| 008 | 740802s1968 dcua b 000 0 eng | ||
| 010 | _a 72601677 | ||
| 040 |
_aDLC _cDLC _dDLC |
||
| 041 | _aeng | ||
| 080 | _a616.053 | ||
| 082 | _a616.053 GEL | ||
| 100 | 1 | _a8 | |
| 101 | _aPED | ||
| 245 | 1 | 0 |
_aAtlas of mental retardation syndromes; _c[by] Sydney S. Gellis [and] Murray Feingold with the editorial assistance of Joel Y. Rutman. |
| 350 | _a5.50 | ||
| 504 | _aIncludes bibliographies. | ||
| 906 |
_a7 _bcbc _corignew _du _encip _f19 _gy-gencatlg |
||
| 942 |
_2ddc _cBK |
||
| 999 |
_c47023 _d47023 |
||